00417nam a2200157 a 4500008004100000020002200041100001500063245005000078260003400128300002500162500002000187650002500207003000100232005001700233040000900250  a8121916623 (pbk.) aBari, S.A. aElements of structural analysis /cS. A. Bari aNew Delhi :bS. Chand,c1997. axv, 495 p. ;c22 cm. aIncludes index. aStructural analysis.20230123133528.0 cNUST